Phân tích các yếu tố ảnh hưởng đến giá trị thương hiệu Biti's tại thành phố Cần Thơ : Luận văn tốt nghiệp Cao học. Chuyên ngành Quản trị kinh doanh
Phân tích sự đánh giá và mức độ cảm nhận về thương hiệu Biti's, xác định các yếu tố ảnh hưởng đến giá trị thương hiệu Biri's đồng thời phân tích mức độ ảnh hưởng của từng yếu tố đến giá trị thương hiệu Biti's tại tha...
Đã lưu trong:
| 主要作者: | |
|---|---|
| 格式: | 圖書 |
| 語言: | Undetermined |
| 出版: |
Cần Thơ
Trường Đại học Cần Thơ
2018
|
| 主題: | |
| 標簽: |
添加標簽
沒有標簽, 成為第一個標記此記錄!
|
| Thư viện lưu trữ: | Trung tâm Học liệu Trường Đại học Cần Thơ |
|---|
| LEADER | 01294nam a2200229Ia 4500 | ||
|---|---|---|---|
| 001 | CTU_228532 | ||
| 008 | 210402s9999 xx 000 0 und d | ||
| 082 | |a 658.827 | ||
| 082 | |b Tr106 | ||
| 088 | |a 8340101 | ||
| 100 | |a Phạm, Hoàng Trang | ||
| 245 | 0 | |a Phân tích các yếu tố ảnh hưởng đến giá trị thương hiệu Biti's tại thành phố Cần Thơ : | |
| 245 | 0 | |b Luận văn tốt nghiệp Cao học. Chuyên ngành Quản trị kinh doanh | |
| 245 | 0 | |c Phạm Hoàng Trang ; Lưu Thanh Đức Hải (Cán bộ hướng dẫn) | |
| 260 | |a Cần Thơ | ||
| 260 | |b Trường Đại học Cần Thơ | ||
| 260 | |c 2018 | ||
| 520 | |a Phân tích sự đánh giá và mức độ cảm nhận về thương hiệu Biti's, xác định các yếu tố ảnh hưởng đến giá trị thương hiệu Biri's đồng thời phân tích mức độ ảnh hưởng của từng yếu tố đến giá trị thương hiệu Biti's tại thành phố Cần Thơ. | ||
| 650 | |a Brand name products,Thương hiệu sản phẩm | ||
| 650 | |x Valuation,Giá trị | ||
| 910 | |b nthai | ||
| 980 | |a Trung tâm Học liệu Trường Đại học Cần Thơ | ||